000
00311nam a22001337a 4500
003
OSt
005
20211227153614.0
008
211227b |||||||| |||| 00| 0 eng d
020
_a
8131800679
040
_c
HU
100
_a
Bangia Ramesh
_9
25530
245
_a
Imformation Technology Bible
942
_2
ddc
_c
BOOKS
_n
0
999
_c
24437
_d
24437